Adolescence en exil (notice n° 1591855)
[ vue normale ]
| 000 -LEADER | |
|---|---|
| fixed length control field | 00926cam a2200217 4500500 |
| 005 - DATE AND TIME OF LATEST TRANSACTION | |
| control field | 20251228065614.0 |
| 041 ## - LANGUAGE CODE | |
| Language code of text/sound track or separate title | fre |
| 042 ## - AUTHENTICATION CODE | |
| Authentication code | dc |
| 100 10 - MAIN ENTRY--PERSONAL NAME | |
| Personal name | Cheynel, Chloé |
| Relator term | author |
| 245 00 - TITLE STATEMENT | |
| Title | Adolescence en exil |
| 260 ## - PUBLICATION, DISTRIBUTION, ETC. | |
| Date of publication, distribution, etc. | 2020.<br/> |
| 500 ## - GENERAL NOTE | |
| General note | 23 |
| 520 ## - SUMMARY, ETC. | |
| Summary, etc. | Pahame est un adolescent qu’on a nommé mineur non accompagné. Cela a conditionné son accueil sur le territoire français, son lieu de vie, sa scolarité, sa recherche d’emploi, ses rencontres. C’était ce qu’il aime appeler « sa destinée ». Voici ici conté un bout de ce chemin. |
| 690 ## - LOCAL SUBJECT ADDED ENTRY--TOPICAL TERM (OCLC, RLIN) | |
| Topical term or geographic name as entry element | adolescence |
| 690 ## - LOCAL SUBJECT ADDED ENTRY--TOPICAL TERM (OCLC, RLIN) | |
| Topical term or geographic name as entry element | éducation spécialisée |
| 690 ## - LOCAL SUBJECT ADDED ENTRY--TOPICAL TERM (OCLC, RLIN) | |
| Topical term or geographic name as entry element | exil |
| 690 ## - LOCAL SUBJECT ADDED ENTRY--TOPICAL TERM (OCLC, RLIN) | |
| Topical term or geographic name as entry element | MECS |
| 690 ## - LOCAL SUBJECT ADDED ENTRY--TOPICAL TERM (OCLC, RLIN) | |
| Topical term or geographic name as entry element | Mineur non accompagné |
| 786 0# - DATA SOURCE ENTRY | |
| Note | VST - Vie sociale et traitements | 148 | 4 | 2020-11-18 | p. 104-109 | 0396-8669 |
| 856 41 - ELECTRONIC LOCATION AND ACCESS | |
| Uniform Resource Identifier | <a href="https://shs.cairn.info/revue-vie-sociale-et-traitements-2020-4-page-104?lang=fr&redirect-ssocas=7080">https://shs.cairn.info/revue-vie-sociale-et-traitements-2020-4-page-104?lang=fr&redirect-ssocas=7080</a> |
Pas d'exemplaire disponible.




Réseaux sociaux